Institutiones philosophiae
Na minha lista:
| Autor principal: | |
|---|---|
| Formato: | Livro |
| Idioma: | Língua italiana |
| Publicado em: |
Turín
Societa Editrice Internazionale
1930
|
| Assuntos: | |
| Tags: |
Adicionar Tag
Sem tags, seja o primeiro a adicionar uma tag!
|
MARC
| LEADER | 00000nam a2200000 a 4500 | ||
|---|---|---|---|
| 001 | UCZ9953 | ||
| 003 | CL-VaPUC | ||
| 008 | 960314e19300000IT |||||||||||||||||ita|d | ||
| 082 | 0 | 4 | |a 170 |b VAR |2 21 |
| 100 | 0 | |a Varvello, Franciscus |e author |9 354982 | |
| 245 | 1 | 0 | |a Institutiones philosophiae |
| 300 | |a 3 v | ||
| 942 | |c BK | ||
| 945 | |d 19960314 00:00:00 |a rleighto | ||
| 260 | |a Turín |b Societa Editrice Internazionale |c 1930 | ||
| 500 | |a v.3: Etica | ||
| 650 | 0 | |a Filosofía |9 223554 | |
| 650 | 0 | |a Lógica |9 256849 | |
| 650 | 0 | |a Metafísica |9 265649 | |
| 650 | 0 | |a Ética |9 255099 | |
| 583 | |a last modification |c 19960314 00:00:00 |k Rodrigo Vera | ||
| 999 | |c 244988 |d 244986 | ||
| 952 | |0 0 |1 0 |4 0 |6 170_000000000000000_VAR_1930 |7 0 |8 P |9 259309 |a BIBEDU |b BIBEDU |c BIBEDU_PB |d 2019-11-19 |h v.3 |i 3172759 |o 170 VAR 1930 |p 3172759 |r 2024-01-25 |w 2019-11-19 |y BK |k FIL | ||